000 00263nam a2200121Ia 4500
008 221030s9999 xx 000 0 und d
041 _aEnglish
100 _aR. Ash
245 0 _aWhitaker`s World of Facts
_cby R. Ash
260 _c0
650 _aB
942 _cBK
999 _c17468
_d17468